[Event "FRA-ch Blitz Online Qual"]
[Site "Europe Echecs INT"]
[Date "2020.05.16"]
[Round "13"]
[White "Spano, Remy"]
[Black "Gratton, Alexandre"]
[Result "0-1"]
[WhiteElo "1662"]
[BlackElo "1792"]
[PlyCount "56"]
[EventDate "2020.05.16"]
[EventType "swiss (blitz)"]
[EventRounds "15"]
[EventCountry "FRA"]
[SourceTitle "CBM 196 Extra"]
[Source "ChessBase"]
[SourceDate "2020.07.31"]
[SourceVersion "1"]
[SourceVersionDate "2020.07.31"]
[SourceQuality "1"]

1. e4 c6 2. Nc3 d5 3. Nf3 Nf6 4. exd5 cxd5 5. d4 Nc6 6. Bg5 Bg4 7. Bb5 e6 8. 0-0 Be7 9. h3 Bh5 10. g4 Bg6 11. Ne5 Rc8 12. Nxc6 bxc6 13. Bd3 Bxd3 14. Qxd3 h5 15. Bxf6 Bxf6 16. f4 hxg4 17. hxg4 Qb6 18. Ne2 c5 19. c3 cxd4 20. cxd4 Rc4 21. Rfd1 Qxb2 22. Rab1 Bxd4+ 23. Nxd4 Qh2+ 24. Kf1 Qxf4+ 25. Nf3 Rh3 26. Kf2 Qg3+ 27. Ke2 Qg2+ 28. Ke1 Rh1+ 0-1